موسوعة الفلسفة/ (Record no. 7379)
[ view plain ]
| 000 -الفاتح | |
|---|---|
| حقل البيانات ثابتة الطول | 00666nac a22001691u 4500 |
| 008 - عناصر البيانات ثابتة الطول - معلومات عامة | |
| حقل البيانات ثابتة الطول | 100719s1984 le||||| |||| 00| 0 ara d |
| 082 ## - رقم تصنيف ديوى العشرى | |
| رقم التصنيف | 103 |
| رقم المادة | ب د و |
| 245 ## - بيان العنوان | |
| العنوان | موسوعة الفلسفة/ |
| بيان المسئوليه,etc | عبد الرحمن بدوي |
| 260 ## - PUBLICATION, DISTRIBUTION, ETC. (IMPRINT) | |
| مكان الناشر او الموزع | بيروت : |
| اسم الناشر او الموزع | الموسوعة العربية للدراسات والنشر ، 1984 |
| تاريخ النشر أو التوزيع | 1984. |
| 300 ## - الوصف المادى | |
| التعداد | 2 مج: |
| تفاصيل ماديه اخرى للوعاء | صور ؛ |
| أبعاد الوعاء | 24سم |
| 504 ## - تبصرة ببليوجرافية | |
| تبصرة ببليوجرافية,الخ | يشتمل على إرجاعات ببليوجرافية |
| 505 ## - تبصرة محتويات-الفهرس | |
| تبصرة المحتويات المصاغة | ج1، ا-س -- ج2، ش-ي |
| 511 ## - | |
| -- | Catalogued by: Sara |
| 541 ## - تبصرة المصدر المباشر للتزويد | |
| مصدر التزويد | الف باء ؛ |
| طريقة التزويد | شراء ؛ |
| 650 ## - المدخل الاضافى بالموضوع-مصطلح موضوعى | |
| مصطلح موضوعي أو اسم جغرافي كعنصر مدخل | الفلسفة |
| 9 (RLIN) | 16425 |
| التقسيم الفرعي الشكلي | دوائر معارف |
| 942 ## - عناصر المدخل الإضافي( كوها) | |
| Koha [default] item type | NB - Book (Non borrowing) |
| سابقة رقم الطلب | 103ب د و |
| مصدر التصنيف او مخطط الترفيف | Dewey Decimal Classification |
| حالة التراجع | حالة الفقد | مصدر التصنيف او خطة الترفيف | حالة تلف | ليس للاعارة | مجموعات كوها | المكان الدائم | المكان الحالي | موقع الترفيف | تاريخ الاكتساب | Source of acquisition | رقم الاستدعاء | الباركود | Date last seen | نوع الوعاء | تبصرة عامة |
|---|---|---|---|---|---|---|---|---|---|---|---|---|---|---|---|
| Dewey Decimal Classification | Alef-Baa | Central Library | Central Library | Lower Floor | 27/02/2011 | 103 ب د و | 000008857 | 15/07/2025 | Book - Borrowing | ج1 | |||||
| Dewey Decimal Classification | Central Library | Central Library | Lower Floor | 27/02/2011 | 103 ب د و | 000009360 | 15/07/2025 | Book - Borrowing | ج2 |